000 00780nam a2200241Ia 4500
003 OSt
005 20220923214928.0
006 a|||||r|||| 00| 0
007 ta
008 220922b |||||||| |||| 00| 0 hin d
024 _a173,856
037 _cTextual
040 _aARTS
_cARTS
_bhin
041 _2hin
_ahin
082 _aO152,6N17x, L3
100 _aमाथुर, जगदीश चन्द्र
245 0 _aबोलते क्षण
246 _aBolate kṣhaṇa
260 _aदिल्ली
_b राजपाल एण्ड सन्ज
_c1973
650 _aहिन्दी साहित्य
_9156264
942 _hO152,6N17x, L3
_cTEXL
_2CC
999 _c327720
_d327720